A mesterséges intelligencia szerepe a modern diagnosztikában és egészségügyi rendszerek digitalizációjában

Bibliographic Details
Main Author: Abrán Hanga
Other Authors: Kiss Dr. habil. Gábor
Format: Thesis
Kulcsszavak:21. század
adatbiztonság
adatminőség
egészségügy
GDPR (General Data Protection Regulation)
mesterséges intelligencia
Online Access:http://dolgozattar.uni-bge.hu/60396

MARC

LEADER 00000nta a2200000 i 4500
001 dolg60396
005 20260409150528.0
008 260409suuuu hu om 000 hun d
040 |a BGE Dolgozattár Repozitórium  |b hun 
041 |a hu 
100 1 |a Abrán Hanga 
245 1 2 |a A mesterséges intelligencia szerepe a modern diagnosztikában és egészségügyi rendszerek digitalizációjában  |c Abrán Hanga  |h [elektronikus dokumentum] 
520 3 |a A dolgozatom célja a mesterséges intelligencia hasznosságának bemutatása az egészségügyben. Különös tekintettel arra, hogy az MI-rendszerek miként képesek támogatni az orvosi döntéshozatalt. Valamint, hogy ez hogyan könnyítheti meg az orvosok munkáját. A dolgozat klinikai leletek, laboreredmények és képalkotó vizsgálatok kiértékelésének elemzésén keresztül vizsgálja, hogy az MI mennyire pontosan azonosítja a betegségeket, és hogyan viszonyulnak ezek az orvosi diagnózisokhoz. A dolgozat rávilágít arra, hogy az MI nem helyettesíti az orvost, hanem a diagnosztikai folyamatok fontos kiegészítő eszköze lehet. 
695 |a 21. század 
695 |a adatbiztonság 
695 |a adatminőség 
695 |a egészségügy 
695 |a GDPR (General Data Protection Regulation) 
695 |a mesterséges intelligencia 
700 1 |a Kiss Dr. habil. Gábor  |e ths 
856 4 0 |u http://dolgozattar.uni-bge.hu/60396/1/szakdolgozat_AbranHanga_O0XO0S.pdf  |z Dokumentum-elérés 
856 4 0 |u http://dolgozattar.uni-bge.hu/60396/2/Biralati%20lap%20Abr%C3%A1n%20Hanga.pdf  |z Dokumentum-elérés